| 000 | 02093nam a22002297a 4500 | ||
|---|---|---|---|
| 999 |
_c60167 _d60167 |
||
| 003 | Ge_BSU | ||
| 005 | 20230614153829.0 | ||
| 008 | 230614s2017 ge ||||| |||| 00| 0 geo d | ||
| 041 | _ageo | ||
| 080 | _a271.22(479.22)(09) ვ-21 | ||
| 100 |
_aვარდოსანიძე, სერგო _918709 |
||
| 245 |
_aსაქართველოს მართლმადიდებელი სამოციქულო ეკლესიის ასწლოვანი მატიანე (1917-2017 წ.წ.) / _cსერგო ვარდოსანიძე; რედაქტორი როინ მეტრეველი; საქ. საპატრიარქოს წმ. ანდრია პირველწოდებულის სახ. ქართული უნ-ტი. |
||
| 264 |
_aთბილისი, _c2017. |
||
| 300 |
_a650 გვ. : _bფოტ. ; _c30 სმ. |
||
| 500 | _aეძღვნება საქართველოს მართლმადიდებელი სამოციქულო ეკლესიის ავტოკეფალიის აღდგენის 100, სრულიად საქართველოს კათოლიკოს-პატრიარქის უწმიდესისა და უნეტარესის ილია II-ის დაბადების 85 და პატრიარქად აღსაყდრების 40 წლისთავს. | ||
| 504 | _aბიბლიოგრ. თავების ბოლოს. | ||
| 520 | _a რეზიუმე ინგლ. ენაზე. | ||
| 653 | _aქართული მართლმადიდებლური ეკლესიის ისტორია | ||
| 700 |
_aმეტრეველი, როინ _eრედაქტორი. _918710 |
||
| 710 |
_aსაქ. საპატრიარქოს წმ. ანდრია პირველწოდებულის სახ. ქართული უნ-ტი. _918711 |
||
| 942 |
_2udc _cBK |
||